Culture in practice : selected essays
Αποθηκεύτηκε σε:
| Κύριος συγγραφέας: | |
|---|---|
| Μορφή: | Βιβλίο |
| Γλώσσα: | English |
| Δημοσίευση: |
New York :
Zone Books,
2000
|
| Θέματα: | |
| Ετικέτες: |
Προσθήκη ετικέτας
Δεν υπάρχουν, Καταχωρήστε ετικέτα πρώτοι!
|
MARC
| LEADER | 00000nam a2200000 i 4500 | ||
|---|---|---|---|
| 001 | 1/57819 | ||
| 008 | 040622s2000 eng d | ||
| 020 | |a 0-942299-37-X | ||
| 035 | |l 10073838 | ||
| 040 | |a GR-MY-UA |b gre |e aacr | ||
| 041 | 0 | |a eng | |
| 082 | 0 | |a 306 |2 (21) | |
| 100 | 1 | |a Sahlins, Marshall |d 1930- | |
| 245 | 1 | 0 | |a Culture in practice : |b selected essays / |c Marshall Sahlins |
| 260 | |a New York : |b Zone Books, |c 2000 | ||
| 300 | |a 646 σ.; |c 24 εκ. | ||
| 504 | |a Περιέχει βιβλιογραφία και ευρετήριο | ||
| 650 | 0 | 0 | |a Culture. |
| 650 | 0 | 0 | |a Civilization. |
| 650 | 0 | 0 | |a Anthropology. |
| 852 | |a INST |b LESVOS |e 20040622 |h 306 SAH |p 005100030650 |q 005100030650 |t BK |y 0 | ||
| 901 | |a BIBL1-2004-2 | ||
| 909 | |a Λ |b 111146 | ||
| 920 | |a ΤΑΚΤΙΚΟΣ ΚΟΙΝΩΝΙΚΗΣ ΑΝΘΡΩΠΟΛΟΓΙΑΣ ΚΑΙ ΙΣΤΟΡΙΑΣ |y ΛΕΣΒΟΣ |z 2004-05 | ||
| 970 | |a ΤΖΑΦΕΡΗ |b ΕΥΑΓΓΕΛΙΑ |z 2004/06/22 | ||